Studies of the Growth Structure and Some Electrical Proporties of heavy rare earth Dihydride films / (Record no. 83455)
[ view plain ]
| 000 -LEADER | |
|---|---|
| fixed length control field | 00915nam a2200241 a 4500 |
| 001 - CONTROL NUMBER | |
| RUCL Control Number | 83455 |
| 003 - CONTROL NUMBER IDENTIFIER | |
| rucl marc code | BD-RjUL |
| 005 - DATE AND TIME OF LATEST TRANSACTION | |
| control field | 20240324112328.0 |
| 008 - FIXED-LENGTH DATA ELEMENTS--GENERAL INFORMATION | |
| fixed length control field | 240324s1976 us a|||| m||| 00| 0 eng d |
| 035 ## - SYSTEM CONTROL NUMBER | |
| system control number | (BD-RjUL)83455 |
| 040 ## - CATALOGING SOURCE | |
| Original cataloging agency | BD-RjUL |
| Language of cataloging | eng |
| Transcribing agency | BD-RjUL |
| Modifying agency | BD-RjUL |
| 041 ## - LANGUAGE CODE | |
| Language code of Book | eng |
| 082 ## - DEWEY DECIMAL CLASSIFICATION NUMBER | |
| DDC Edition number | 23 |
| Classification number | 530.41 |
| Author mark and Year | KHS 1976 |
| 100 ## - MAIN ENTRY--PERSONAL NAME | |
| Personal name | Khan, Mohammad Sayedur Rahman |
| 9 (RLIN) | 12497 |
| 245 10 - TITLE STATEMENT | |
| Title | Studies of the Growth Structure and Some Electrical Proporties of heavy rare earth Dihydride films / |
| Statement of responsibility, etc | By Mohammad Sayedur Rahman Khan |
| Name of Supervisor/Co-Supervisor | Supervisor : R. F. Miller |
| 260 ## - PUBLICATION, DISTRIBUTION, ETC. (IMPRINT) | |
| Place of publication, distribution, etc | Rajshahi : |
| Name of publisher, distributor, etc | Department of Physics, Royel Hollouny College, |
| Date of publication, distribution, etc | 1976 |
| 300 ## - PHYSICAL DESCRIPTION | |
| Pagination | 220 Leaves : |
| Other physical details | ill, ; |
| Dimensions | 29 cm. |
| 502 ## - DISSERTATION NOTE | |
| Dissertation note | Thesis (Ph. D.) -- Department of Physics, Royel Hollouny College, 1976 |
| 504 ## - BIBLIOGRAPHY, ETC. NOTE | |
| Bibliography, etc | References : Leaves 194-199 |
| 650 ## - SUBJECT ADDED ENTRY--TOPICAL TERM | |
| Topical term or geographic name as entry element | Physics |
| Form subdivision | Solid-State |
| 9 (RLIN) | 5304 |
| 700 ## - ADDED ENTRY--SUPERVISOR/CO-SUPERVISOR NAME | |
| Personal name | Miller, R. F. Supervisor |
| 9 (RLIN) | 12498 |
| 942 ## - ADDED ENTRY ELEMENTS (KOHA) | |
| Source of classification or shelving scheme | Dewey Decimal Classification |
| Koha item type | Theses |
| Source of classification or shelving scheme | Damaged status | Not for loan | Collection code | Permanent Location | Current Location | Shelving location | Date of accession | Source of acquisition | Total Checkouts | Full call number | Barcode | Date last seen | Copy number | Thesis |
|---|---|---|---|---|---|---|---|---|---|---|---|---|---|---|
| Dewey Decimal Classification | Not For Loan | Theses | Central Library, University of Rajshahi | Central Library, University of Rajshahi | Documentation Section | 23/10/1991 | Controller of Exam. R. U. | THE 530.41 KHS 1976 | D1559 | 24/03/2024 | C-I | Theses |